000 00668nam a2200217Ia 4500
003 GCL
008 140319s9999 xx 000 0 ara d
020 _a3302299953
040 _aGCL /
_cGCL
082 0 4 _a616.8527
_bك ح
100 1 _aكراملينجر، كيث
245 1 0 _aحول الاكتئاب /
_cكراملينجر، كيث
250 _aالاولى
260 _aبيروت :
_bالدار العربية للعلوم ،
_c2002
300 _a208 ص ؛
_c24 سم
490 _aمايو كلينيك
_v0
650 0 4 _aالاضطرابات العصبية
650 0 4 _aالاكتئاب
650 0 4 _aالشرود الاكتئابى
942 _2ddc
_cBK
999 _c8051
_d8051